| 000 | 00538nam a2200193Ia 4500 | ||
|---|---|---|---|
| 005 | 20230118092953.0 | ||
| 008 | 131103s9999 xx 000 0 und d | ||
| 040 | _aLoreto College | ||
| 041 | _aEnglish | ||
| 082 |
_a821.6 _bBUR-ROB |
||
| 245 | 4 |
_aThe poetical works of Robert Burns _cEdited by J. Logie Robertson |
|
| 260 |
_aLondon _bOxford university press _c1936 |
||
| 300 | _a635p. | ||
| 504 | _aIncludes index | ||
| 650 | _aEnglish Literature - Poetry | ||
| 700 | _aRobertson, J. Logie; ed | ||
| 850 | _aLCLIB | ||
| 942 | _cBK | ||
| 999 |
_c21301 _d71780 |
||